Paraíso (Registro nro. 57025)
[ vista simple ]
| 000 -CABECERA | |
|---|---|
| Longitud fija campo de control | 01106nam a2200337 i 4500 |
| 003 - • IDENTIFICADOR DELl NÚMERO DE CONTROL | |
| Identificador del número de control | CO-BoRNBP |
| 005 - • FECHA Y HORA DE LA ÚLTIMA TRANSACCIÓN | |
| Fecha y hora de la última transacción | 20250306112605.0 |
| 007 - • CAMPO FIJO DE DESCRIPCIÓN FÍSICA | |
| Campo fijo de descripción física | ta |
| 008 - • CÓDIGOS DE INFORMACIÓN DE LONGITUD FIJA | |
| Códigos de información de longitud fija | 231122s2023 ck a|||er|||| 00| f|spa d |
| 020 ## - • NÚMERO INTERNACIONAL NORMALIZADO PARA LIBROS | |
| Número Internacional Normalizado para Libros (ISBN) | 9786287507869 |
| 040 ## - FUENTE DE LA CATALOGACIÓN | |
| Centro catalogador de origen | CO-BoRNBP |
| Lengua de catalogación | spa |
| Normas de descripción | rda |
| Centro transcriptor | CO-BoRNBP |
| 041 1# - • CÓDIGO DE LENGUA | |
| Código de lengua del texto/banda sonora o título independiente | spa |
| Código de lengua original | eng |
| 043 ## - CÓDIGO DE ÁREA GEOGRÁFICA | |
| Código de área geográfica | s-sa--- |
| 084 ## - • Clasificación Local Alfanúmerica PNLB | |
| Número de clasificación | N GUR4 |
| 100 1# - • PUNTO DE ACCESO PRINCIPAL-NOMBRE DE PERSONA | |
| Nombre de persona | Gurnah, Abdulrazak |
| Fechas asociadas al nombre | 1948- |
| Término indicativo de función | autor |
| 245 10 - • TITULO PROPIAMENTE DICHO | |
| Título | Paraíso |
| Mención de responsabilidad, etc. | Abdulrazak Gurnah ; traducción del inglés Sofia Noguera Mendía |
| 250 ## - • MENCIÓN DE EDICIÓN | |
| Mención de edición | Edición especial |
| 264 #1 - PRODUCCIÓN, PUBLICACIÓN , DISTRIBUCIÓN, FABRICACIÓN Y COPYRIGHT | |
| Lugar de producción, publicación, distribución, fabricación | Bogotá, Colombia |
| Nombre del productor, editor, distribuidor, fabricante | Salamandra |
| Fecha de de producción, publicación, distribución, fabricación o copyright | 2023 |
| 300 ## - • DESCRIPCIÓN FÍSICA | |
| Extensión | 300 páginas |
| Dimensiones | 23 cm |
| 336 ## - TIPO DE CONTENIDO | |
| Término de tipo de contenido | texto |
| Código de tipo de contenido | txt |
| Fuente | rdacontent |
| 337 ## - TIPO DE MEDIO | |
| Nombre del tipo de medio | sin mediación |
| Código del tipo de medio | n |
| Fuente | rdamedia |
| 338 ## - TIPO DE SOPORTE | |
| Nombre del tipo de soporte | volumen |
| Código del tipo de soporte | nc |
| Fuente | rdacarrier |
| 521 ## - • NOTA DE PÚBLICO DESTINATARIO | |
| Nota público destinatario (R ) | Recomendado para un público adulto |
| 534 ## - • Nota De Versión Original | |
| Título | Paradise |
| 650 17 - • PUNTO DE ACCESO ADICIONAL DE MATERIA - TÉRMINO DE MATERIA | |
| Término de materia o nombre geográfico como elemento inicial | Novela africana |
| Subdivisión cronológica | Siglo XXI |
| Fuente del encabezamiento o término | ARMARC |
| 650 17 - • PUNTO DE ACCESO ADICIONAL DE MATERIA - TÉRMINO DE MATERIA | |
| Término de materia o nombre geográfico como elemento inicial | Literatura africana |
| Subdivisión cronológica | Siglo XXI |
| Fuente del encabezamiento o término | ARMARC |
| 650 17 - • PUNTO DE ACCESO ADICIONAL DE MATERIA - TÉRMINO DE MATERIA | |
| Término de materia o nombre geográfico como elemento inicial | Amor en la literatura |
| Fuente del encabezamiento o término | ARMARC |
| 651 #4 - • PUNTO DE ACCESO ADICIONAL DE MATERIA - NOMBRE GEOGRÁFICO | |
| Nombre geográfico | Africa |
| Subdivisión de materia general | Vida social y costumbres |
| 700 1# - • PUNTO DE ACCESO ADICIONAL - NOMBRE DE PERSONA | |
| Nombre de persona | Noguera Mendía, Sofia |
| Término indicativo de función | traductora |
| 942 ## - ENTRADA DE ELEMENTOS AGREGADOS (KOHA) | |
| Fuente de clasificaión o esquema | |
| Koha [por defecto] tipo de item | Libro Literatura |
| Perdido | Fuente de clasificación o esquema | Estado Físico | No para préstamo | Forma de adquisición | Localización permanente | Localización actual | Localización en estanterías | Fecha adquisición | Préstamos totales | Signatura completa | Código de barras | Fecha última consulta | Número de copia | Fecha del precio de reemplazo | Tipo de item de Koha | Fuente de adquisición |
|---|---|---|---|---|---|---|---|---|---|---|---|---|---|---|---|---|
| Dewey Decimal Classification | Colección General | Biblioteca Pública José Eustasio Rivera - San Martin | Biblioteca Pública José Eustasio Rivera - San Martin | General | 09/29/2025 | N GUR4 | SM04222 | 09/29/2025 | Ej.1 | 09/29/2025 | Libro Literatura | |||||
| Dewey Decimal Classification | Colección General | Biblioteca Pública Puerto Lleras | Biblioteca Pública Puerto Lleras | Literatura | 08/12/2025 | N GUR4 | PLL00174 | 08/12/2025 | Ej.1 | 08/12/2025 | Libro Literatura | |||||
| Dewey Decimal Classification | Colección General | Biblioteca Pública San Carlos de Guaroa - Eduardo Carranza | Biblioteca Pública San Carlos de Guaroa - Eduardo Carranza | Literatura | 08/20/2025 | N GUR4 | SG04109 | 08/20/2025 | Ej.1 | 08/20/2025 | Libro Literatura | |||||
| Dewey Decimal Classification | Colección General | Biblioteca Pública El Castillo - Alfonso Meneses | Biblioteca Pública El Castillo - Alfonso Meneses | Literatura | 10/08/2025 | N GUR4 | EC03050 | 10/08/2025 | Ej.1 | 10/08/2025 | Libro Literatura | |||||
| Dewey Decimal Classification | Biblioteca Pública Cabuyaro | Biblioteca Pública Cabuyaro | Literatura | 09/24/2025 | N GUR4 | CAB001223 | 09/24/2025 | Ej.1 | 09/24/2025 | Libro Literatura | ||||||
| Dewey Decimal Classification | Colección General | Biblioteca Pública Castilla La Nueva -Ecobiblioteca | Biblioteca Pública Castilla La Nueva -Ecobiblioteca | Literatura | 09/16/2025 | N GUR4 | CLN00332 | 09/16/2025 | Ej.1 | 09/16/2025 | Libro Literatura | |||||
| Dewey Decimal Classification | Literatura General | Biblioteca Pública Granada - Boca del Monte | Biblioteca Pública Granada - Boca del Monte | Literatura | 03/10/2026 | N GUR4 | GRDA05120 | 03/10/2026 | Ej.1 | 03/10/2026 | Libro Literatura | BIBLIOTECA NACIONAL | ||||
| Dewey Decimal Classification | Colección General | Biblioteca Pública Guamal | Biblioteca Pública Guamal | Literatura | 02/04/2025 | N GUR4 | GUA004870 | 03/06/2025 | Ej.1 | 03/06/2025 | Libro Literatura | |||||
| Dewey Decimal Classification | Colección General | Biblioteca Pública La Macarena | Biblioteca Pública La Macarena | Literatura | 08/21/2025 | N GUR4 | LM03077 | 08/21/2025 | Ej.1 | 08/21/2025 | Libro Literatura | |||||
| Dewey Decimal Classification | Colección General | Biblioteca Pública Mapiripan | Biblioteca Pública Mapiripan | Literatura | 08/21/2025 | N GUR4 | MAP00004384 | 08/21/2025 | Ej.1 | 08/21/2025 | Libro Literatura | |||||
| Clasificación Local Facetada | Colección General | Biblioteca Pública San Juanito - Ernesto Maria Peña Romero | Biblioteca Pública San Juanito - Ernesto Maria Peña Romero | Literatura | 08/22/2025 | N GUR4 | SJU01597 | 08/22/2025 | Ej.1 | 08/22/2025 | Libro Literatura | |||||
| Dewey Decimal Classification | Infantil | Biblioteca Pública Uribe - Reinerio Arenas | Biblioteca Pública Uribe - Reinerio Arenas | General | 10/09/2025 | N GUR4 | URI03174 | 10/09/2025 | Ej.1 | 10/09/2025 | Libro Literatura |